[Event "Challenge"]
[Site "http://www.queenalice.com/game.php?id=1289442"]
[Date "2014.6.20"]
[Round "-"]
[White "Atalxxi1"]
[Black "bumpywater"]
[Result "0-1"]
[WhiteElo "1515"]
[BlackElo "1692"]

1. e4 e5 2. c4 Nf6 3. Nc3 Nc6 4. Nf3 Bb4 5. g3 Bxc3 6. bxc3 Nxe4 7. Bd3 Nf6 8.
O-O O-O 9. Qe2 d5 10. Nxe5 Nxe5 11. Qxe5 Re8 12. Qf4 Bh3 13. Rd1 c6 14. c5 h6
15. Bf5 Bxf5 16. Qxf5 b6 17. Ba3 b5 18. Re1 Rxe1+ 19. Rxe1 Qa5 20. Bb2 Qxa2 21.
Ba1 Qc4 22. d4 b4 23. cxb4 Qxb4 24. Qe5 Re8 25. Qxe8+ Nxe8 0-1

[Event "Challenge"]
[Site "http://www.queenalice.com/game.php?id=1289443"]
[Date "2014.6.20"]
[Round "-"]
[White "bumpywater"]
[Black "Atalxxi1"]
[Result "1-0"]
[WhiteElo "1709"]
[BlackElo "1536"]

1. e4 e5 2. Nf3 g6 3. Nxe5 d6 4. Nf3 Nf6 5. Nc3 c6 6. Bc4 d5 7. exd5 cxd5 8.
Bb5+ Nbd7 9. d4 a6 10. Ba4 b5 11. Bb3 Qe7+ 12. Be3 Bg7 13. Nxd5 Nxd5 14. Bxd5
Rb8 15. O-O Bb7 16. Re1 Bxd5 17. Bg5 Qxe1+ 18. Qxe1+ Ne5 19. Nxe5 1-0

[Event "Challenge"]
[Site "http://www.queenalice.com/game.php?id=1295905"]
[Date "2014.7.19"]
[Round "-"]
[White "Atalxxi1"]
[Black "charles31"]
[Result "0-1"]
[WhiteElo "1524"]
[BlackElo "1710"]

1. d4 d5 2. b3 Nf6 3. Nc3 h6 4. g3 Nc6 5. Bg2 a6 6. Nf3 Bg4 7. Bf4 Bxf3 8. Bxf3
e6 9. e3 Bd6 10. Be5 Bxe5 11. dxe5 Nxe5 12. Bg2 c5 13. O-O h5 14. e4 dxe4 15.
Qxd8+ Rxd8 16. Rad1 Rxd1 17. Rxd1 Ke7 18. Nxe4 Nxe4 19. Bxe4 f5 20. Bxb7 a5 21.
Kg2 g5 22. h3 Rd8 23. Rxd8 Kxd8 24. c3 Nd3 25. a3 Nc1 26. b4 axb4 0-1

[Event "Challenge"]
[Site "http://www.queenalice.com/game.php?id=1295906"]
[Date "2014.7.19"]
[Round "-"]
[White "charles31"]
[Black "Atalxxi1"]
[Result "1-0"]
[WhiteElo "1701"]
[BlackElo "1533"]

1. e4 e5 2. Nf3 g6 3. a3 Nf6 4. Nc3 b6 5. d4 d5 6. dxe5 Nxe4 7. Nxe4 dxe4 8.
Qxd8+ Kxd8 9. Ng5 Be6 10. Nxe4 Be7 11. Be3 Nc6 12. f4 Kc8 13. Ba6+ Kd7 14.
O-O-O+ Ke8 15. Bb7 Rd8 16. Bxc6+ Bd7 17. Bxd7+ Rxd7 18. Rxd7 Kxd7 19. Rd1+ Kc8
20. g3 h6 21. h4 Kb7 22. Rd7 Bd8 23. Rxf7 Rg8 24. e6 Re8 25. Nd6+ 1-0

[Event "Challenge"]
[Site "http://www.queenalice.com/game.php?id=1301416"]
[Date "2014.8.14"]
[Round "-"]
[White "Gadou"]
[Black "Atalxxi1"]
[Result "0-1"]
[WhiteElo "1547"]
[BlackElo "1491"]

1. e4 e5 2. d4 d6 3. d5 c6 4. Nc3 Nf6 5. Bc4 g6 6. h3 Bg7 7. Nf3 b5 8. Nxb5 cxb5
9. Bxb5+ Nbd7 10. Qd3 h6 11. Be3 O-O 12. Qa3 Nxe4 13. Bxa7 Qc7 14. Bc6 Rxa7 15.
Qb4 Qa5 16. Qxa5 Rxa5 17. O-O Nb8 18. Rfe1 Nf6 19. Red1 Ra6 20. Bb5 Rb6 21. a4
Ba6 22. a5 Rxb5 23. Rd2 Rxb2 24. Ne1 Ne4 25. Rdd1 f5 26. f3 Ng3 27. Kh2 Nf1+ 28.
Kg1 e4 29. Rdb1 Rxb1 30. Rxb1 Bc3 31. Rb6 Bxe1 32. Rxd6 e3 33. Rxg6+ Kh7 34. Re6
f4 35. d6 Bg3 36. d7 Rg8 37. Re7+ Kh8 38. c4 Bxc4 39. Re4 e2 0-1

[Event "Challenge"]
[Site "http://www.queenalice.com/game.php?id=1305684"]
[Date "2014.9.2"]
[Round "-"]
[White "Football_rules"]
[Black "Atalxxi1"]
[Result "0-1"]
[WhiteElo "1621"]
[BlackElo "1558"]

1. e4 e5 2. Nf3 d6 3. d3 g6 4. h3 Nf6 5. a3 Nc6 6. Be2 Bg7 7. Be3 b6 8. Nc3 Nd4
9. Ng5 Nxe2 10. Qxe2 h6 11. Nf3 Ba6 12. Nd5 Nxd5 13. exd5 O-O 14. Nd2 Bb7 15. c4
a6 16. O-O Qd7 17. Ne4 c6 18. Bxb6 c5 19. Ba5 Qf5 20. Nxd6 Qd7 21. Ne4 f5 22.
Nxc5 Qe7 23. Bb4 Rfe8 24. Nxa6 Qd7 25. Nc5 Qc8 0-1

[Event "Challenge"]
[Site "http://www.queenalice.com/game.php?id=1305762"]
[Date "2014.9.2"]
[Round "-"]
[White "Atalxxi1"]
[Black "wgjrl8"]
[Result "0-1"]
[WhiteElo "1550"]
[BlackElo "1555"]

1. e4 e5 2. Nf3 f6 3. b3 Bb4 4. Bb2 d5 5. Bd3 d4 6. a3 Ba5 7. O-O Be6 8. h3 Nh6
9. b4 Bb6 10. c4 c5 11. b5 g5 12. g4 Nxg4 13. hxg4 Bxg4 14. Be2 h5 15. Nh2 Qd7
16. f3 Bh3 17. Rf2 g4 18. fxg4 hxg4 19. Nxg4 Qg7 20. d3 Nd7 21. Bf3 Qh7 22. Rh2
Qh4 23. Qe2 Qg3+ 24. Bg2 O-O-O 25. Nd2 Bxg2 26. Qxg2 Qf4 27. Rf1 Qg5 28. Nf3 Qg6
29. a4 Rdg8 30. Rxh8 Rxh8 31. Bc1 Nf8 32. Nfh2 Ne6 33. Rxf6 Qe8 34. Nxe5 Rg8 35.
Nhg4 Bd8 36. Rf7 Rg7 37. Qh3 Rxf7 38. Nxf7 Qxf7 39. Ne5 Qg7+ 40. Kf2 Qxe5 41.
Kf3 Kb8 42. Qf5 Qh2 43. Bf4+ Qxf4+ 44. Qxf4+ Nxf4 45. Kxf4 Kc7 46. a5 Kd7 47.
Kf5 Bxa5 48. e5 Bd8 49. e6+ Ke7 50. Ke5 a5 0-1

[Event "Challenge"]
[Site "http://www.queenalice.com/game.php?id=1305763"]
[Date "2014.9.2"]
[Round "-"]
[White "wgjrl8"]
[Black "Atalxxi1"]
[Result "1-0"]
[WhiteElo "1532"]
[BlackElo "1506"]

1. d4 d5 2. f3 g6 3. Bg5 Bg7 4. e4 Nf6 5. e5 Ng8 6. c3 h6 7. Bh4 a6 8. Bd3 b6 9.
f4 f6 10. Bxg6+ Kf8 11. Nd2 e6 12. Qh5 Ne7 13. exf6 Bxf6 14. Bxf6 Rg8 15. Qxh6+
Rg7 16. Qxg7# 1-0

[Event "Challenge"]
[Site "http://www.queenalice.com/game.php?id=1307679"]
[Date "2014.9.12"]
[Round "-"]
[White "Atalxxi1"]
[Black "zmanomega"]
[Result "1-0"]
[WhiteElo "1530"]
[BlackElo "1634"]

1. e4 Nf6 2. d3 d6 3. Nf3 Bg4 4. h3 Bxf3 5. Qxf3 Nc6 6. c3 e5 7. g3 h5 8. Bg5
Qd7 9. Bxf6 Rh6 10. Bg5 Rg6 11. h4 f6 12. Be3 O-O-O 13. Qxh5 Qf7 14. Qf5+ Kb8
15. h5 Rh6 16. Bxh6 gxh6 17. Nd2 Ne7 18. Qg4 d5 19. Nb3 d4 20. c4 Nc6 21. a3 Be7
22. Bh3 Ka8 23. Qg6 Qf8 24. Bf5 b6 25. Rc1 Bd6 26. c5 bxc5 27. Nd2 Ne7 28. Qg4
Rb8 29. Nc4 Nxf5 30. Qxf5 Rb3 31. Nxd6 Qxd6 32. Rb1 Kb7 33. Qg6 Rxd3 34. Qxh6
Qa6 35. Qg6 Qa5+ 36. Kf1 Qb5 37. Kg2 Qc6 38. h6 Rd2 39. h7 Qb5 40. h8=Q Qe2 41.
Qhxf6 1-0

[Event "Challenge"]
[Site "http://www.queenalice.com/game.php?id=1307680"]
[Date "2014.9.12"]
[Round "-"]
[White "zmanomega"]
[Black "Atalxxi1"]
[Result "0-1"]
[WhiteElo "1626"]
[BlackElo "1509"]

1. e4 e5 2. Nf3 d6 3. Nc3 Nf6 4. Ng5 h6 5. Nf3 g6 6. Nd5 Nxd5 7. c3 Nf4 8. d4
Bg7 9. Bxf4 exf4 10. e5 d5 11. Qd2 b6 12. Qxf4 O-O 13. O-O-O Bf5 14. Nd2 Nc6 15.
Bb5 Ne7 16. h4 h5 17. f3 f6 18. exf6 Rxf6 19. Rhe1 a6 20. Ba4 b5 21. Bb3 Bc2 22.
Qg3 Bxd1 23. Bxd1 Nf5 24. Qh2 Rc6 25. Nb3 Nxh4 26. Re3 Qg5 27. Kd2 Nxg2 28. Kc2
Nxe3+ 29. Kc1 Nf1+ 0-1

[Event "1"]
[Site "http://www.queenalice.com/game.php?id=1311125"]
[Date "2014.9.28"]
[Round "-"]
[White "coffejunkie"]
[Black "Atalxxi1"]
[Result "1-0"]
[WhiteElo "1831"]
[BlackElo "1534"]

1. d4 d5 2. Nf3 Nf6 3. e3 g6 4. Bd3 a6 5. O-O Qd6 6. Nc3 Bg7 7. Ne5 Nc6 8. f4
Ng4 9. Nxg4 Bf5 10. Bd2 Qe6 11. Ne5 Bxe5 12. dxe5 Bxd3 13. cxd3 f5 14. exf6 exf6
15. e4 d4 16. Nd5 O-O-O 17. Qb3 f5 18. Nb6+ Kb8 19. Qxe6 Rhf8 20. Nd7+ Rxd7 21.
Qxd7 1-0

[Event "2"]
[Site "http://www.queenalice.com/game.php?id=1311127"]
[Date "2014.9.28"]
[Round "-"]
[White "Atalxxi1"]
[Black "coffejunkie"]
[Result "0-1"]
[WhiteElo "1530"]
[BlackElo "1923"]

1. e4 e5 2. Nc3 Nc6 3. g3 Nf6 4. Bh3 Be7 5. a3 O-O 6. d3 d6 7. Bf5 Bxf5 8. exf5
Qd7 9. g4 Nd4 10. h3 Qc6 11. f3 Nd5 12. Nxd5 Qxd5 13. b3 Qc6 14. Bb2 Qxc2 15.
Bxd4 Qxd1+ 16. Rxd1 exd4 17. Ne2 c5 18. O-O Bg5 19. f4 Be7 20. g5 f6 21. g6 Bd8
22. h4 Ba5 23. Kg2 Rae8 24. Rf2 Re3 25. Ng3 Be1 26. Rf3 Rfe8 27. h5 Bxg3 28.
Kxg3 h6 29. Rd2 Kf8 30. Kf2 Rxf3+ 31. Kxf3 Re3+ 32. Kf2 b6 33. Rd1 Ke7 34. Re1
Rxe1 35. Kxe1 d5 36. Ke2 Kd6 37. Kd2 b5 38. Kc2 c4 39. b4 Kc6 40. dxc4 dxc4 41.
Kd2 Kd5 42. Kc2 Ke4 43. a4 Kxf4 44. a5 Kxf5 45. Kd2 Kg5 0-1

[Event "Challenge"]
[Site "http://www.queenalice.com/game.php?id=1318717"]
[Date "2014.10.28"]
[Round "-"]
[White "gobblemate"]
[Black "Atalxxi1"]
[Result "0-1"]
[WhiteElo "1840"]
[BlackElo "1528"]

1. d4 d5 2. Nf3 g6 3. c4 Nf6 4. Nc3 e6 5. Bd2 b6 6. e3 Bg7 7. cxd5 Nxd5 8. Bd3
O-O 9. O-O Nd7 10. Ne4 f5 11. Ng3 Bb7 12. Rc1 c5 13. dxc5 Nxc5 14. Bb1 f4 15.
exf4 Nxf4 16. b4 Ncd3 17. Bxd3 Qxd3 18. Rc3 Bxc3 19. Bxc3 Qxc3 0-1

[Event "Challenge"]
[Site "http://www.queenalice.com/game.php?id=1318718"]
[Date "2014.10.28"]
[Round "-"]
[White "Atalxxi1"]
[Black "gobblemate"]
[Result "1-0"]
[WhiteElo "1556"]
[BlackElo "1152"]

1. d4 d5 2. Nc3 Bf5 3. g3 c6 4. Nf3 Nf6 5. Bg2 Nbd7 6. O-O e6 7. Ne5 b5 8. Bg5
Rc8 9. a4 b4 10. Bxf6 Nxf6 11. b3 bxc3 12. e3 Bd6 13. h3 h5 14. h4 Ne4 15. Bf3
Nd2 16. Re1 Nxf3+ 17. Qxf3 Qf6 18. Nd3 c5 19. Nxc5 Bxc5 20. dxc5 Rxc5 21. e4
Bxe4 22. Qe3 Qf3 23. Qxf3 Bxf3 24. b4 Rc4 25. b5 1-0

[Event "Challenge"]
[Site "http://www.queenalice.com/game.php?id=1325307"]
[Date "2014.11.30"]
[Round "-"]
[White "Atalxxi1"]
[Black "jbugg"]
[Result "0-1"]
[WhiteElo "1558"]
[BlackElo "1538"]

1. d4 d5 2. Nf3 Nf6 3. Nc3 e6 4. g3 Bb4 5. Bd2 Qd6 6. Nb5 Qb6 7. e3 Bd7 8. Bxb4
Bxb5 9. Bxb5+ Qxb5 10. a3 Na6 11. Qd3 Qb6 12. O-O Nxb4 13. axb4 Qxb4 14. Ra2 O-O
15. c3 Qb3 16. Ra3 Qxb2 17. Raa1 Qb6 18. Kg2 Ng4 19. h3 Nf6 20. g4 Qd6 21. Ne5
a5 22. c4 Nd7 23. c5 Qe7 24. c6 Nxe5 25. dxe5 bxc6 26. Rab1 c5 27. Kg3 c4 28.
Qc3 Qc5 29. f3 a4 30. Rf2 h6 31. h4 a3 32. Ra2 Rfd8 33. f4 Rab8 34. Rxb8 Rxb8
35. Rxa3 Kh7 36. h5 c6 37. Ra7 Qxa7 38. g5 hxg5 39. fxg5 Qe7 40. Kg4 g6 41. Qc2
Rg8 42. hxg6+ fxg6 43. e4 Qc5 44. Qb2 dxe4 45. Qb7+ Rg7 46. Qc8 e3 47. Qxe6 e2
0-1

[Event "Challenge"]
[Site "http://www.queenalice.com/game.php?id=1325308"]
[Date "2014.11.30"]
[Round "-"]
[White "jbugg"]
[Black "Atalxxi1"]
[Result "0-1"]
[WhiteElo "1557"]
[BlackElo "1541"]

1. e4 e5 2. Nf3 Nc6 3. Bc4 Nf6 4. c3 Nxe4 5. O-O g6 6. Qe2 Ng5 7. d4 Qf6 8. Nxg5
Bg7 9. Nxf7 Rf8 10. Nxe5 Nxe5 11. dxe5 Qf5 12. f3 Bxe5 13. Bd3 Qf6 14. Bb5 c6
15. Bd3 b6 16. Na3 Bb7 17. Nc4 d6 18. Nxe5 dxe5 19. Bc4 O-O-O 20. Be3 g5 21. Bd3
Rd7 22. Rad1 c5 23. Qc2 h6 24. Be4 Ba6 25. Rxd7 Kxd7 26. Qd2+ Ke7 27. a4 Bxf1
28. Kxf1 g4 29. Qf2 h5 30. fxg4 Qd6 31. Bf3 hxg4 32. Qh4+ Kd7 33. Qxg4+ Kc7 34.
h3 Qe7 35. Kg1 a6 36. Bh6 Rf6 37. Bg5 e4 38. Bxe4 Qg7 39. Bxf6 Qxf6 40. Kh2 a5
41. Qg3+ Kd8 42. Qb8+ Ke7 43. Qb7+ Kf8 44. Bc6 Qe5+ 45. g3 Qe2+ 46. Bg2 Qxb2 47.
c4 b5 48. cxb5 c4 49. h4 Qd2 50. b6 c3 51. Qc6 c2 52. Qf6+ Ke8 53. Qg6+ Kd8 54.
Qf6+ Kc8 55. Qf5+ Kd8 56. Qf4 c1=Q 57. Qc7+ Qxc7 58. bxc7+ Kxc7 59. Kh3 Qd7+ 60.
g4 Qd3+ 61. Kh2 Qd4 62. Kh3 Qxa4 63. h5 Qe8 64. Kh4 a4 65. Bd5 a3 66. h6 a2 67.
Bxa2 Qg6 68. g5 Kd7 69. Bc4 Qe4+ 70. Kh5 Qxc4 71. h7 Qf7+ 72. g6 Qg7 73. Kg5 Ke7
74. Kh5 Kf6 75. h8=Q Qxh8+ 76. Kg4 Kxg6 77. Kf4 Qh5 78. Ke4 Kf6 79. Kd4 Qe5+ 80.
Kd3 Kf5 81. Kc4 Ke4 82. Kb4 Kd4 83. Kb3 Qc5 84. Ka4 Qb6 85. Ka3 Kc3 86. Ka4 Qb4#
0-1

[Event "Challenge"]
[Site "http://www.queenalice.com/game.php?id=1336798"]
[Date "2015.1.24"]
[Round "-"]
[White "Atalxxi1"]
[Black "digger"]
[Result "0-1"]
[WhiteElo "1562"]
[BlackElo "1599"]

1. d4 d5 2. Nc3 e6 3. Nf3 Bb4 4. Bd2 Nf6 5. g3 O-O 6. Bg2 c6 7. a3 Bd6 8. O-O
Qe7 9. h3 c5 10. Nb5 Ne4 11. Nxd6 Qxd6 12. c3 c4 13. Bf4 Qb6 14. Ne5 Qxb2 15.
Qa4 Nxc3 16. Qb4 Qxb4 17. axb4 Nxe2+ 18. Kh1 Na6 19. b5 Nb4 20. b6 a6 21. Rfe1
Nxf4 22. gxf4 Nc2 23. f5 exf5 24. Bxd5 Nxa1 25. Rxa1 Rd8 26. Bxf7+ Kf8 27. Bxc4
Rxd4 28. Ba2 Ke7 29. Re1 Kf6 30. Nf3 Rf4 31. Kg2 Rb4 32. Bg8 h6 33. Ne5 Rxb6 34.
Nc4 Rb5 35. Nd6 Re5 36. Rc1 Bd7 37. Nxb7 Rxg8 38. Ra1 Ra8 39. Nd6 Bc6+ 40. f3
Re2+ 41. Kg3 g5 42. Ra5 Bd7 43. Nc4 Be8 44. h4 Bb5 45. hxg5+ hxg5 46. Nd6 Bd3
47. f4 Re3+ 48. Kf2 Re2+ 49. Kf1 Ra2+ 0-1

[Event "Challenge"]
[Site "http://www.queenalice.com/game.php?id=1336799"]
[Date "2015.1.24"]
[Round "-"]
[White "digger"]
[Black "Atalxxi1"]
[Result "1-0"]
[WhiteElo "1591"]
[BlackElo "1577"]

1. d4 d5 2. Nf3 e6 3. e3 Nf6 4. Nc3 g6 5. Bb5+ Nc6 6. Ne5 a6 7. Nxc6 bxc6 8.
Bxc6+ Bd7 9. Bxa8 Qxa8 10. Qf3 Ne4 11. Nxe4 dxe4 12. Qg3 Bd6 13. Qh4 O-O 14. O-O
e5 15. dxe5 Bxe5 16. Qe7 Qd5 17. g3 Bh3 18. c4 Qd3 19. Bd2 Qxd2 20. Rfd1 Qxb2
21. a4 c6 22. Rab1 Qc2 23. Qxe5 Qxc4 24. Rd4 Qa2 25. Rdb4 Qa3 26. Rb8 Bc8 27.
Kg2 Qxa4 28. R1b4 Qa2 29. R4b6 c5 30. Rc6 Be6 31. Qd6 Rxb8 32. Qxb8+ Kg7 33.
Rxc5 a5 34. Qe5+ Kh6 35. Rxa5 Qc2 36. Qd6 Qc3 37. Qf8+ Qg7 38. Qe7 g5 39. h4 g4
40. h5 Qg8 41. Qf6+ 1-0

[Event "Challenge"]
[Site "http://www.queenalice.com/game.php?id=1350409"]
[Date "2015.3.28"]
[Round "-"]
[White "ledeon"]
[Black "Atalxxi1"]
[Result "1-0"]
[WhiteElo "1725"]
[BlackElo "1570"]

1. d4 d5 2. Nf3 Nf6 3. e3 g6 4. c4 e6 5. a3 Nc6 6. Bd3 Bg7 7. Nc3 Na5 8. Qa4+
Nc6 9. cxd5 exd5 10. b4 Bd7 11. Bd2 Nxd4 12. Nxd4 Bxa4 13. Nxa4 O-O 14. Nc5 Qc8
15. O-O c6 16. Rac1 b6 17. Ncb3 Qc7 18. Rxc6 Qd7 19. Rfc1 Rac8 20. Bb5 a6 21.
Rxc8 Rxc8 22. Bxd7 Rxc1+ 23. Nxc1 Nxd7 24. Nce2 Ne5 25. Nc3 Nc4 26. Bc1 b5 27.
Nxd5 h5 28. Nc7 a5 29. bxa5 Nxa5 30. Ncxb5 Be5 31. Bd2 Nc4 32. Bb4 f5 33. a4 1-0

[Event "Challenge"]
[Site "http://www.queenalice.com/game.php?id=1351896"]
[Date "2015.4.5"]
[Round "-"]
[White "Atalxxi1"]
[Black "ledeon"]
[Result "1-0"]
[WhiteElo "1547"]
[BlackElo "1718"]

1. d4 d5 2. e3 Nf6 3. g3 Nc6 4. b3 e5 5. Bb5 Bd6 6. Nc3 Bd7 7. Nf3 O-O 8. O-O
Bg4 9. Be2 Bxf3 10. Bxf3 exd4 11. Nxd5 Nxd5 12. exd4 Nc3 13. Qd2 Nb5 14. Bb2 Qf6
15. c3 Rad8 16. c4 Nbxd4 17. Bxc6 Bxg3 18. fxg3 1-0